[Event "WCO 2016"]
[Site "?"]
[Date "2016.09.09"]
[Round "7"]
[Board "5"]
[WhiteID "8700478"]
[White "Mwango Lorita"]
[BlackID "7001070"]
[Black "Ishizuka Mirai"]
[Result "1-0"]
[BlackElo "1778"]
[WhiteElo "1935"]
[LiveChessVersion "1.4.8"]

1. d4 {[%clk 1:30:57]} d5 {[%clk 1:30:57]} 2. c4 {[%clk 1:31:21]} e6
{[%clk 1:31:24]} 3. Nf3 {[%clk 1:31:16]} Nf6 {[%clk 1:31:33]} 4. Nc3
{[%clk 1:30:52]} Be7 {[%clk 1:31:50]} 5. Bf4 {[%clk 1:30:59]} O-O
{[%clk 1:30:53]} 6. e3 {[%clk 1:31:19]} b6 {[%clk 1:30:12]} 7. Be2
{[%clk 1:31:26]} Bb7 {[%clk 1:30:36]} 8. O-O {[%clk 1:31:35]} Nbd7
{[%clk 1:29:42]} 9. Rc1 {[%clk 1:31:13]} c5 {[%clk 1:29:11]} 10. h3
{[%clk 1:31:01]} Re8 {[%clk 1:27:02]} 11. Nb5 {[%clk 1:29:58]} Rf8
{[%clk 1:20:44]} 12. cxd5 {[%clk 1:27:45]} exd5 {[%clk 1:15:04]} 13. Bd3
{[%clk 1:16:50]} Ne4 {[%clk 1:00:09]} 14. Nd2 {[%clk 1:01:14]} Ndf6
{[%clk 0:54:02]} 15. dxc5 {[%clk 0:53:41]} bxc5 {[%clk 0:50:21]} 16. Nxe4
{[%clk 0:53:08]} Nxe4 {[%clk 0:50:22]} 17. Qc2 {[%clk 0:49:00]} a6
{[%clk 0:46:26]} 18. Na3 {[%clk 0:46:19]} Rc8 {[%clk 0:42:53]} 19. Bxe4
{[%clk 0:46:34]} dxe4 {[%clk 0:43:06]} 20. Rfd1 {[%clk 0:46:48]} Qe8
{[%clk 0:33:03]} 21. Nc4 {[%clk 0:46:37]} Rd8 {[%clk 0:27:06]} 22. Bd6 Rc8
{[%clk 0:25:43]} 23. b3 {[%clk 0:39:41]} Kh8 {[%clk 0:23:46]} 24. Bxe7
{[%clk 0:39:01]} Qxe7 {[%clk 0:24:01]} 25. Nd6 {[%clk 0:39:24]} Rc7
{[%clk 0:16:39]} 26. Nxb7 {[%clk 0:39:01]} Rxb7 {[%clk 0:16:55]} 27. Qxc5
{[%clk 0:39:26]} Qe8 {[%clk 0:17:07]} 28. Rd6 {[%clk 0:37:42]} Qb5
{[%clk 0:14:26]} 29. Rxa6 {[%clk 0:37:08]} Rd8 {[%clk 0:13:41]} 30. Qxb5
{[%clk 0:36:00]} Rxb5 {[%clk 0:14:06]} 31. Rac6 {[%clk 0:35:50]} Kg8
{[%clk 0:13:08]} 32. Rc8 {[%clk 0:35:54]} Rb8 {[%clk 0:13:26]} 33. Rxb8
{[%clk 0:36:04]} Rxb8 {[%clk 0:13:52]} 34. Kf1 {[%clk 0:36:20]} Kf8
{[%clk 0:14:18]} 35. Ke2 {[%clk 0:36:31]} Rb7 {[%clk 0:13:18]} 36. Rc5
{[%clk 0:35:38]} g6 {[%clk 0:13:40]} 37. Kd2 {[%clk 0:36:03]} Rd7+
{[%clk 0:12:38]} 38. Kc2 {[%clk 0:36:26]} Rd6 {[%clk 0:12:23]} 39. Kb2
{[%clk 0:35:56]} Rd2+ {[%clk 0:12:27]} 40. Rc2 {[%clk 1:06:10]} Rd1
{[%clk 0:42:54]} 41. h4 {[%clk 1:06:15]} h5 {[%clk 0:42:57]} 42. g3
{[%clk 1:06:35]} f6 {[%clk 0:42:20]} 43. a4 {[%clk 1:06:50]} g5 {[%clk 0:42:39]}
44. hxg5 {[%clk 1:06:06]} fxg5 {[%clk 0:43:04]} 45. Rc5 {[%clk 1:06:20]} Rd2+
{[%clk 0:43:15]} 46. Kc3 {[%clk 1:06:49]} Rxf2 {[%clk 0:42:14]} 47. Rxg5
{[%clk 1:07:09]} Re2 {[%clk 0:41:58]} 48. Kd4 {[%clk 1:07:03]} Rb2
{[%clk 0:42:13]} 49. Rb5 {[%clk 1:07:11]} Kf7 {[%clk 0:39:27]} 50. Kxe4
{[%clk 1:07:36]} Ke6 {[%clk 0:38:27]} 51. Rb6+ {[%clk 1:07:22]} Ke7
{[%clk 0:38:49]} 52. a5 {[%clk 1:07:49]} Ra2 {[%clk 0:38:31]} 53. b4
{[%clk 1:08:02]} Kd7 {[%clk 0:38:17]} 54. Kf3 {[%clk 1:02:56]} Ra4
{[%clk 0:38:22]} 55. Kf4 {[%clk 1:02:56]} Ra2 {[%clk 0:37:34]} 56. e4
{[%clk 1:03:00]} Rh2 {[%clk 0:37:40]} 57. e5 {[%clk 1:02:50]} h4 {[%clk 0:37:56]}
58. gxh4 {[%clk 1:02:06]} Rxh4+ {[%clk 0:38:21]} 59. Kf5 {[%clk 1:02:29]} Rh1
{[%clk 0:37:55]} 60. e6+ {[%clk 1:01:55]} Ke8 {[%clk 0:38:18]} 61. Kf6
{[%clk 1:01:41]} Rf1+ {[%clk 0:38:08]} 62. Ke5 {[%clk 1:02:06]} Ke7
{[%clk 0:37:42]} 63. Rb7+ {[%clk 1:02:20]} Ke8 {[%clk 0:37:24]} 64. a6
{[%clk 1:02:20]} Re1+ {[%clk 0:37:15]} 65. Kd6 {[%clk 1:02:38]} Rd1+
{[%clk 0:37:38]} 66. Kc5 {[%clk 1:02:46]} Rc1+ {[%clk 0:37:47]} 67. Kb5
{[%clk 1:02:35]} Re1 {[%clk 0:36:20]} 68. a7 {[%clk 1:02:44]} Re5+
{[%clk 0:36:35]} 69. Ka4 {[%clk 1:02:59]} 1-0

[Event "WCO 2016"]
[Site "?"]
[Date "2016.09.09"]
[Round "7"]
[Board "6"]
[WhiteID "7001800"]
[White "Sakai Azumi"]
[BlackID "8700648"]
[Black "Hamoonga Linda Banti"]
[Result "1-0"]
[BlackElo "1783"]
[WhiteElo "1703"]
[LiveChessVersion "1.4.8"]

1. d4 {[%clk 1:30:56]} d5 {[%clk 1:30:58]} 2. c4 {[%clk 1:31:19]} c6
{[%clk 1:31:24]} 3. Nf3 {[%clk 1:31:44]} Nf6 {[%clk 1:31:49]} 4. e3
{[%clk 1:32:09]} Bf5 {[%clk 1:31:23]} 5. Nc3 {[%clk 1:32:24]} e6 {[%clk 1:31:37]}
6. Nh4 {[%clk 1:32:23]} Bg6 {[%clk 1:31:51]} 7. Be2 {[%clk 1:29:49]} Bd6
{[%clk 1:29:38]} 8. Bd2 {[%clk 1:28:12]} Nbd7 {[%clk 1:27:47]} 9. Qb3
{[%clk 1:23:51]} Rb8 {[%clk 1:24:05]} 10. Nxg6 {[%clk 1:19:32]} hxg6
{[%clk 1:24:28]} 11. h3 {[%clk 1:18:57]} a6 {[%clk 1:09:03]} 12. O-O
{[%clk 1:10:25]} Ne4 {[%clk 0:58:13]} 13. Nxe4 {[%clk 1:09:04]} dxe4
{[%clk 0:58:37]} 14. d5 {[%clk 0:58:47]} exd5 {[%clk 0:48:27]} 15. cxd5
{[%clk 0:58:07]} Qg5 {[%clk 0:48:40]} 16. dxc6 {[%clk 0:44:37]} Rxh3
{[%clk 0:44:24]} 17. cxd7+ {[%clk 0:44:16]} Kd8 {[%clk 0:43:51]} 18. f4
{[%clk 0:27:32]} Qg3 {[%clk 0:31:22]} 19. Ba5+ {[%clk 0:20:02]} Bc7
{[%clk 0:28:09]} 20. Bxc7+ {[%clk 0:19:58]} Kxc7 {[%clk 0:28:37]} 21. Rac1+
{[%clk 0:20:06]} Kd8 {[%clk 0:27:12]} 22. Qb6+ {[%clk 0:17:00]} Ke7
{[%clk 0:27:37]} 23. Qc5+ {[%clk 0:16:44]} Kxd7 {[%clk 0:23:18]} 24. Rfd1+
{[%clk 0:16:58]} Ke8 {[%clk 0:23:32]} 25. Qe5+ {[%clk 0:17:06]} 1-0

[Event "WCO 2016"]
[Site "?"]
[Date "2016.09.09"]
[Round "7"]
[Board "7"]
[WhiteID "8706077"]
[White "Kabamba Mulwale Bwalya "]
[BlackID "7001134"]
[Black "Shibata Misaki"]
[Result "1/2-1/2"]
[BlackElo "1638"]
[WhiteElo "1683"]
[LiveChessVersion "1.4.8"]

1. d4 {[%clk 1:30:56]} d5 {[%clk 1:30:57]} 2. Nf3 {[%clk 1:31:23]} Nf6
{[%clk 1:31:21]} 3. Bf4 {[%clk 1:31:47]} c5 {[%clk 1:31:38]} 4. c3
{[%clk 1:32:13]} Qb6 {[%clk 1:31:53]} 5. Qb3 {[%clk 1:32:33]} Nc6
{[%clk 1:31:56]} 6. Qxb6 {[%clk 1:31:46]} axb6 {[%clk 1:32:12]} 7. e3
{[%clk 1:32:06]} Bf5 {[%clk 1:30:03]} 8. Nbd2 {[%clk 1:30:42]} c4
{[%clk 1:23:36]} 9. Be2 {[%clk 1:30:28]} e6 {[%clk 1:23:44]} 10. O-O
{[%clk 1:30:18]} Be7 {[%clk 1:23:02]} 11. h3 {[%clk 1:28:34]} h6 {[%clk 1:20:06]}
12. Bh2 {[%clk 1:23:59]} O-O {[%clk 1:19:51]} 13. Rfe1 {[%clk 1:21:55]} Ra7
{[%clk 1:08:36]} 14. a3 {[%clk 1:15:21]} Rfa8 {[%clk 1:05:47]} 15. Ne5
{[%clk 1:11:56]} b5 {[%clk 0:57:38]} 16. Nxc6 {[%clk 1:09:24]} bxc6
{[%clk 0:57:38]} 17. Bf3 {[%clk 1:03:06]} b4 {[%clk 0:41:34]} 18. Nb1
{[%clk 0:53:39]} bxa3 {[%clk 0:40:18]} 19. bxa3 {[%clk 0:37:18]} Bxa3
{[%clk 0:37:59]} 20. Rxa3 {[%clk 0:34:45]} Rxa3 {[%clk 0:35:49]} 21. Nxa3
{[%clk 0:35:10]} Rxa3 {[%clk 0:36:14]} 22. Rc1 {[%clk 0:35:22]} Nd7
{[%clk 0:25:59]} 23. Bd6 {[%clk 0:34:42]} Ra5 {[%clk 0:24:25]} 24. Bb4
{[%clk 0:33:16]} Ra2 {[%clk 0:23:33]} 25. Bd1 {[%clk 0:27:42]} f6
{[%clk 0:21:03]} 26. f3 {[%clk 0:21:59]} e5 {[%clk 0:15:45]} 27. Kf1
{[%clk 0:18:14]} Kf7 {[%clk 0:15:16]} 28. f4 {[%clk 0:15:28]} Be4
{[%clk 0:11:51]} 29. Bf3 {[%clk 0:15:01]} Bxf3 {[%clk 0:11:44]} 30. gxf3
{[%clk 0:15:28]} Rh2 {[%clk 0:12:02]} 31. Kg1 {[%clk 0:13:51]} Rxh3
{[%clk 0:12:09]} 32. Kg2 {[%clk 0:14:09]} Rh5 {[%clk 0:11:40]} 33. Bd6
{[%clk 0:14:11]} Ke6 {[%clk 0:11:07]} 34. Bb4 {[%clk 0:13:30]} g5
{[%clk 0:09:12]} 35. Kg3 {[%clk 0:10:44]} gxf4+ {[%clk 0:08:50]} 36. exf4
{[%clk 0:10:54]} exf4+ {[%clk 0:04:38]} 37. Kxf4 {[%clk 0:11:17]} Rf5+
{[%clk 0:04:15]} 38. Kg4 {[%clk 0:11:37]} Rg5+ {[%clk 0:04:22]} 39. Kf4
{[%clk 0:11:22]} Rf5+ {[%clk 0:03:14]} 1/2-1/2

[Event "WCO 2016"]
[Site "?"]
[Date "2016.09.09"]
[Round "7"]
[Board "8"]
[WhiteID "7002181"]
[White "Fukuya Natsumi"]
[BlackID "8706964"]
[Black "Lubuuto Bwalya Mulwale "]
[Result "1-0"]
[BlackElo "1529"]
[WhiteElo "1636"]
[LiveChessVersion "1.4.8"]

1. e4 {[%clk 1:30:57]} c5 {[%clk 1:30:53]} 2. Nf3 {[%clk 1:31:22]} g6
{[%clk 1:31:07]} 3. c4 {[%clk 1:29:30]} Bg7 {[%clk 1:31:12]} 4. d4
{[%clk 1:29:10]} cxd4 {[%clk 1:31:31]} 5. Nxd4 {[%clk 1:29:33]} Qb6
{[%clk 1:30:35]} 6. Nb5 {[%clk 1:25:29]} a6 {[%clk 1:28:54]} 7. Be3
{[%clk 1:23:03]} Qc6 {[%clk 1:20:53]} 8. N5c3 {[%clk 1:21:38]} Nf6
{[%clk 1:19:40]} 9. f3 {[%clk 1:21:43]} d6 {[%clk 1:18:12]} 10. Be2
{[%clk 1:18:36]} O-O {[%clk 1:18:29]} 11. O-O {[%clk 1:17:58]} Nbd7
{[%clk 1:16:20]} 12. Qd2 {[%clk 1:14:10]} b6 {[%clk 1:11:24]} 13. Na3
{[%clk 1:10:47]} Bb7 {[%clk 1:07:17]} 14. Nc2 {[%clk 1:10:05]} Ne5
{[%clk 1:02:24]} 15. b3 {[%clk 1:09:18]} Rac8 {[%clk 1:00:56]} 16. Rac1
{[%clk 1:05:46]} Rfd8 {[%clk 0:59:34]} 17. Nb4 {[%clk 0:58:25]} Qc7
{[%clk 0:57:35]} 18. Ncd5 {[%clk 0:49:36]} Nxd5 {[%clk 0:55:45]} 19. cxd5
{[%clk 0:49:39]} Qb8 {[%clk 0:51:53]} 20. Bxa6 {[%clk 0:39:04]} Bxa6
{[%clk 0:48:07]} 21. Nxa6 {[%clk 0:39:28]} Qb7 {[%clk 0:44:52]} 22. Nb4
{[%clk 0:39:21]} e6 {[%clk 0:44:13]} 23. h3 {[%clk 0:35:38]} exd5
{[%clk 0:34:40]} 24. Nxd5 {[%clk 0:35:39]} b5 {[%clk 0:30:20]} 25. Bg5
{[%clk 0:26:16]} Rxc1 {[%clk 0:16:48]} 26. Rxc1 {[%clk 0:26:14]} Re8
{[%clk 0:15:47]} 27. Rc7 {[%clk 0:17:03]} Qa6 {[%clk 0:12:17]} 28. Bf6
{[%clk 0:07:21]} h6 {[%clk 0:06:49]} 29. Bxg7 {[%clk 0:06:48]} Kxg7
{[%clk 0:06:51]} 30. f4 {[%clk 0:06:37]} Nc6 {[%clk 0:06:07]} 31. Qc3+
{[%clk 0:06:50]} Ne5 {[%clk 0:04:03]} 32. fxe5 {[%clk 0:05:58]} dxe5
{[%clk 0:04:10]} 33. Qc6 {[%clk 0:02:45]} Qxc6 {[%clk 0:04:21]} 34. Rxc6
{[%clk 0:03:07]} h5 {[%clk 0:02:31]} 35. Rb6 {[%clk 0:02:15]} f5 {[%clk 0:02:42]}
36. Rxb5 {[%clk 0:01:37]} fxe4 {[%clk 0:03:08]} 37. Kf2 {[%clk 0:01:21]} Rd8
{[%clk 0:03:26]} 38. Ke3 {[%clk 0:01:31]} Kf7 {[%clk 0:02:33]} 39. Kxe4
{[%clk 0:01:32]} Rd6 {[%clk 0:01:05]} 40. Rb7+ {[%clk 0:31:05]} Kg8
{[%clk 0:30:41]} 41. Kxe5 {[%clk 0:30:37]} Ra6 {[%clk 0:30:33]} 42. a4
{[%clk 0:29:58]} Kf8 {[%clk 0:30:26]} 43. Rb6 {[%clk 0:29:10]} Ra7
{[%clk 0:30:32]} 44. Rxg6 {[%clk 0:26:13]} 1-0

[Event "WCO 2016"]
[Site "?"]
[Date "2016.09.09"]
[Round "7"]
[Board "13"]
[WhiteID "15900320"]
[White "Caton Stacey"]
[BlackID "10100903"]
[Black "Caxita Esperanca"]
[Result "0-1"]
[BlackElo "1871"]
[WhiteElo "1605"]
[LiveChessVersion "1.4.8"]

1. d4 {[%clk 1:30:56]} d5 {[%clk 1:30:53]} 2. Nf3 {[%clk 1:31:17]} Nf6
{[%clk 1:31:15]} 3. e3 {[%clk 1:31:36]} e6 {[%clk 1:31:28]} 4. Bd3
{[%clk 1:29:35]} Nbd7 {[%clk 1:31:10]} 5. Nbd2 {[%clk 1:29:02]} c5
{[%clk 1:31:17]} 6. c3 {[%clk 1:26:51]} Be7 {[%clk 1:30:36]} 7. O-O
{[%clk 1:26:36]} O-O {[%clk 1:31:01]} 8. e4 {[%clk 1:22:13]} dxe4
{[%clk 1:24:53]} 9. Nxe4 {[%clk 1:21:49]} Nxe4 {[%clk 1:24:13]} 10. Bxe4
{[%clk 1:22:05]} Nf6 {[%clk 1:24:04]} 11. Bc2 {[%clk 1:12:59]} cxd4
{[%clk 1:23:18]} 12. Qxd4 {[%clk 1:06:15]} Qa5 {[%clk 1:20:01]} 13. Bg5
{[%clk 0:54:50]} Rd8 {[%clk 1:17:31]} 14. Qf4 {[%clk 0:41:01]} h6
{[%clk 1:11:19]} 15. Qh4 {[%clk 0:24:35]} hxg5 16. Nxg5 {[%clk 0:24:32]} g6
{[%clk 1:08:44]} 17. Rfe1 {[%clk 0:18:03]} Nh5 {[%clk 1:07:09]} 18. f4
{[%clk 0:15:43]} Rd5 {[%clk 1:05:20]} 19. Rad1 {[%clk 0:06:54]} Bd7
{[%clk 0:56:52]} 20. Rxd5 {[%clk 0:04:46]} Qxd5 {[%clk 0:57:01]} 21. Re5 Qd2
{[%clk 0:48:10]} 22. Bxg6 {[%clk 0:01:11]} fxg6 {[%clk 0:47:05]} 23. Re4
{[%clk 0:00:35]} Bc6 {[%clk 0:46:35]} 0-1

[Event "WCO 2016"]
[Site "?"]
[Date "2016.09.09"]
[Round "7"]
[Board "14"]
[WhiteID "10100768"]
[White "Domingos Maria M"]
[BlackID "7500114"]
[Black "Diaz Maria M.A."]
[Result "1-0"]
[BlackElo "1928"]
[WhiteElo "1689"]
[LiveChessVersion "1.4.8"]

1. e4 {[%clk 1:30:54]} e6 {[%clk 1:30:55]} 2. d4 {[%clk 1:31:14]} d5
{[%clk 1:31:21]} 3. exd5 {[%clk 1:31:35]} exd5 {[%clk 1:31:46]} 4. Nf3
{[%clk 1:31:49]} Bd6 {[%clk 1:31:55]} 5. Bd3 {[%clk 1:32:05]} Ne7
{[%clk 1:32:20]} 6. O-O {[%clk 1:32:20]} O-O {[%clk 1:32:48]} 7. Be3
{[%clk 1:32:39]} c6 {[%clk 1:32:48]} 8. Nc3 {[%clk 1:32:40]} Bf5 {[%clk 1:32:57]}
9. Ne2 {[%clk 1:32:38]} Nd7 {[%clk 1:30:34]} 10. c3 {[%clk 1:30:34]} Bg4
{[%clk 1:29:26]} 11. Ng3 {[%clk 1:30:13]} Qc7 {[%clk 1:29:21]} 12. Bxh7+
{[%clk 1:27:59]} Kh8 {[%clk 1:28:03]} 13. Bd3 {[%clk 1:22:55]} f5
{[%clk 1:23:39]} 14. Bg5 {[%clk 1:20:08]} f4 {[%clk 1:16:32]} 15. Bxe7
{[%clk 1:19:08]} Bxe7 {[%clk 1:16:12]} 16. h3 {[%clk 1:14:34]} fxg3
{[%clk 1:12:24]} 17. hxg4 {[%clk 1:14:30]} Qf4 {[%clk 1:03:08]} 18. Bf5
{[%clk 1:08:13]} Rad8 {[%clk 0:36:45]} 19. fxg3 {[%clk 1:00:32]} Qxg3
{[%clk 0:36:22]} 20. Qd2 {[%clk 0:45:06]} Bd6 {[%clk 0:25:25]} 21. Qg5
{[%clk 0:39:03]} Nf6 {[%clk 0:11:25]} 22. Qg6 {[%clk 0:34:11]} Bf4
{[%clk 0:09:26]} 23. g5 {[%clk 0:33:32]} Be3+ {[%clk 0:04:03]} 24. Kh1
{[%clk 0:31:45]} Kg8 {[%clk 0:03:16]} 25. gxf6 {[%clk 0:30:56]} Qxg6
{[%clk 0:03:37]} 26. Bxg6 {[%clk 0:31:21]} Rxf6 {[%clk 0:03:46]} 27. Rae1
{[%clk 0:26:48]} Bf4 {[%clk 0:02:55]} 28. Bd3 {[%clk 0:24:59]} Bg3
{[%clk 0:02:35]} 29. Re7 {[%clk 0:24:11]} Rdf8 {[%clk 0:02:38]} 30. Rxb7
{[%clk 0:21:50]} g5 {[%clk 0:02:55]} 31. Rh7 {[%clk 0:16:18]} g4 32. Kg1
{[%clk 0:07:22]} gxf3 {[%clk 0:02:47]} 33. gxf3 {[%clk 0:07:50]} Rxf3
{[%clk 0:02:51]} 34. Rxf3 {[%clk 0:08:08]} Rxf3 {[%clk 0:03:17]} 35. Bb1
{[%clk 0:08:29]} Re3 {[%clk 0:02:23]} 36. Kg2 {[%clk 0:08:24]} Bd6
{[%clk 0:01:44]} 37. Rh6 {[%clk 0:07:22]} Bf4 {[%clk 0:01:21]} 38. Rxc6
{[%clk 0:07:36]} Re1 {[%clk 0:01:29]} 39. Bf5 {[%clk 0:07:41]} Bc1
{[%clk 0:01:40]} 40. Be6+ {[%clk 0:37:29]} Kf8 {[%clk 0:32:00]} 41. b3
{[%clk 0:37:42]} Re2+ {[%clk 0:32:15]} 42. Kf3 {[%clk 0:38:03]} Rxa2
{[%clk 0:31:05]} 43. Bxd5 {[%clk 0:37:48]} Ra3 {[%clk 0:29:00]} 44. Ke4
{[%clk 0:37:17]} Ke7 {[%clk 0:28:56]} 45. Bg8 {[%clk 0:34:55]} Kd7
{[%clk 0:28:24]} 46. Rg6 {[%clk 0:35:20]} Bd2 {[%clk 0:23:34]} 47. Rg3
{[%clk 0:32:52]} Ra1 {[%clk 0:19:12]} 48. c4 {[%clk 0:31:39]} Re1+
{[%clk 0:18:23]} 49. Kd3 {[%clk 0:31:15]} Bh6 {[%clk 0:17:37]} 50. Rh3
{[%clk 0:30:03]} Bg7 {[%clk 0:13:24]} 51. d5 {[%clk 0:28:35]} Rd1+
{[%clk 0:10:50]} 52. Kc2 {[%clk 0:27:23]} Rg1 {[%clk 0:10:22]} 53. Be6+
{[%clk 0:27:43]} Kd6 {[%clk 0:08:56]} 54. b4 {[%clk 0:26:54]} 1-0

[Event "WCO 2016"]
[Site "?"]
[Date "2016.09.09"]
[Round "7"]
[Board "15"]
[WhiteID "15900053"]
[White "Arbona Avila Zaily M."]
[BlackID "10100920"]
[Black "Joao Delfina"]
[Result "0-1"]
[BlackElo "1659"]
[WhiteElo "1535"]
[LiveChessVersion "1.4.8"]

1. e4 {[%clk 1:30:56]} e6 {[%clk 1:30:49]} 2. d4 {[%clk 1:31:16]} d5
{[%clk 1:31:17]} 3. e5 {[%clk 1:31:35]} c5 {[%clk 1:31:43]} 4. c3
{[%clk 1:31:50]} Qb6 {[%clk 1:32:09]} 5. Nf3 {[%clk 1:32:02]} Nc6
{[%clk 1:32:36]} 6. Bd3 {[%clk 1:32:01]} cxd4 {[%clk 1:32:36]} 7. cxd4
{[%clk 1:32:13]} Bd7 {[%clk 1:32:58]} 8. Bc2 {[%clk 1:32:24]} Bb4+
{[%clk 1:32:12]} 9. Nc3 {[%clk 1:27:10]} Rc8 {[%clk 1:30:35]} 10. O-O
{[%clk 1:21:17]} Bxc3 {[%clk 1:27:26]} 11. bxc3 {[%clk 1:19:31]} Na5
{[%clk 1:27:21]} 12. Rb1 {[%clk 1:14:22]} Qc7 {[%clk 1:26:36]} 13. Ba4
{[%clk 1:00:46]} b6 {[%clk 1:25:55]} 14. Bxd7+ {[%clk 0:56:21]} Qxd7
{[%clk 1:26:21]} 15. Bd2 {[%clk 0:54:27]} Nc4 {[%clk 1:26:33]} 16. Qb3
{[%clk 0:52:55]} Qc6 {[%clk 1:24:37]} 17. Rfc1 {[%clk 0:48:37]} Ne7
{[%clk 1:24:26]} 18. Bg5 {[%clk 0:38:19]} Ng6 {[%clk 1:24:00]} 19. Rc2 O-O
{[%clk 1:23:11]} 20. g3 {[%clk 0:25:55]} Rc7 {[%clk 1:22:54]} 21. Bc1
{[%clk 0:23:04]} Rfc8 {[%clk 1:22:37]} 22. a4 {[%clk 0:23:18]} Na5
{[%clk 1:19:58]} 23. Qb4 {[%clk 0:19:31]} Qc4 {[%clk 1:19:15]} 24. Qa3
{[%clk 0:07:55]} Qd3 {[%clk 1:12:14]} 25. Ne1 {[%clk 0:07:24]} Qd1
{[%clk 1:12:14]} 26. Kf1 {[%clk 0:04:43]} Qh5 {[%clk 1:10:41]} 27. Kg2
{[%clk 0:04:06]} Nc6 {[%clk 1:10:15]} 28. Nf3 {[%clk 0:04:12]} Qg4
{[%clk 1:09:20]} 29. Be3 {[%clk 0:03:26]} Qe4 {[%clk 1:05:44]} 30. Rbc1
{[%clk 0:03:20]} Nh4+ {[%clk 1:04:53]} 31. gxh4 {[%clk 0:02:46]} Qg4+
{[%clk 1:05:21]} 32. Kf1 {[%clk 0:02:53]} Qxf3 {[%clk 1:05:48]} 33. c4
{[%clk 0:02:06]} Nxd4 {[%clk 1:04:42]} 0-1

[Event "WCO 2016"]
[Site "?"]
[Date "2016.09.09"]
[Round "7"]
[Board "16"]
[WhiteID "10100857"]
[White "Tavares Domingas"]
[BlackID "15900177"]
[Black "Jacobs Annelaine"]
[Result "0-1"]
[BlackElo "1679"]
[WhiteElo "1563"]
[LiveChessVersion "1.4.8"]

1. e4 {[%clk 1:30:55]} d6 {[%clk 1:30:50]} 2. d4 {[%clk 1:31:14]} Nf6
{[%clk 1:31:06]} 3. Nc3 {[%clk 1:31:28]} g6 {[%clk 1:31:29]} 4. Nf3
{[%clk 1:30:13]} Bg7 {[%clk 1:31:49]} 5. h3 {[%clk 1:29:40]} O-O {[%clk 1:31:54]}
6. Be3 {[%clk 1:30:04]} c6 {[%clk 1:24:49]} 7. Bd3 {[%clk 1:28:25]} Nbd7
{[%clk 1:24:27]} 8. e5 {[%clk 1:20:45]} dxe5 {[%clk 1:17:58]} 9. Nxe5
{[%clk 1:20:57]} Nxe5 {[%clk 1:14:52]} 10. dxe5 {[%clk 1:21:11]} Nd7
{[%clk 1:14:59]} 11. f4 {[%clk 1:20:57]} Nb6 {[%clk 1:11:30]} 12. O-O
{[%clk 1:15:43]} Be6 {[%clk 0:45:29]} 13. Qe2 {[%clk 1:10:28]} Qc7
{[%clk 0:38:54]} 14. a3 {[%clk 1:05:44]} Bd5 {[%clk 0:32:14]} 15. Nxd5
{[%clk 1:00:28]} Nxd5 {[%clk 0:31:34]} 16. Bc1 {[%clk 1:00:49]} e6
{[%clk 0:29:43]} 17. c4 {[%clk 0:54:12]} Ne7 {[%clk 0:27:26]} 18. Rb1
{[%clk 0:52:37]} Nf5 {[%clk 0:19:14]} 19. Bxf5 {[%clk 0:52:52]} exf5
{[%clk 0:19:29]} 20. Rd1 {[%clk 0:46:38]} Rfe8 {[%clk 0:17:54]} 21. Qf3
{[%clk 0:43:25]} f6 {[%clk 0:15:34]} 22. exf6 {[%clk 0:43:32]} Bxf6
{[%clk 0:15:59]} 23. Be3 {[%clk 0:42:36]} Re4 {[%clk 0:15:45]} 24. b3
{[%clk 0:37:39]} Rae8 {[%clk 0:15:29]} 25. Rd3 {[%clk 0:37:25]} Rxe3
{[%clk 0:06:12]} 26. Rxe3 {[%clk 0:35:00]} Bd4 {[%clk 0:06:36]} 27. Kh1
{[%clk 0:22:35]} Rxe3 {[%clk 0:06:20]} 28. Qf1 {[%clk 0:21:10]} Qe7
{[%clk 0:06:02]} 29. a4 {[%clk 0:17:07]} Qe4 {[%clk 0:06:20]} 30. Kh2
{[%clk 0:12:48]} Re2 {[%clk 0:05:58]} 0-1

[Event "WCO 2016"]
[Site "?"]
[Date "2016.09.09"]
[Round "7"]
[Board "13"]
[WhiteID "15200477"]
[White "Mentile Lishen"]
[BlackID "21300119"]
[Black "Leboela Maboloko"]
[Result "1-0"]
[BlackElo "1406"]
[WhiteElo "1480"]
[LiveChessVersion "1.4.8"]

1. e4 {[%clk 1:30:47]} e5 {[%clk 1:30:58]} 2. Nf3 {[%clk 1:30:34]} Nc6
{[%clk 1:31:21]} 3. Bc4 {[%clk 1:30:16]} Bc5 {[%clk 1:31:46]} 4. Nc3
{[%clk 1:27:55]} Nf6 {[%clk 1:31:52]} 5. O-O {[%clk 1:25:49]} O-O
{[%clk 1:30:44]} 6. a3 {[%clk 1:22:46]} a6 {[%clk 1:30:44]} 7. Re1
{[%clk 1:21:43]} d6 {[%clk 1:29:54]} 8. h3 {[%clk 1:20:47]} b5 {[%clk 1:26:10]}
9. Ba2 {[%clk 1:18:25]} Bb7 {[%clk 1:24:58]} 10. d3 {[%clk 1:13:16]} h6
{[%clk 1:25:21]} 11. Nd5 {[%clk 1:07:35]} Nd4 {[%clk 1:22:13]} 12. c3
{[%clk 1:05:02]} Nxf3+ {[%clk 1:21:08]} 13. Qxf3 {[%clk 1:05:06]} Nxd5
{[%clk 1:21:09]} 14. Bxd5 {[%clk 0:49:50]} Bxd5 {[%clk 1:21:30]} 15. exd5
{[%clk 0:50:17]} Re8 {[%clk 1:20:10]} 16. Qg4 {[%clk 0:39:47]} Qf6
{[%clk 1:19:54]} 17. Be3 {[%clk 0:39:24]} Bxe3 {[%clk 1:19:54]} 18. Rxe3
{[%clk 0:39:53]} Rad8 {[%clk 1:18:55]} 19. Rae1 {[%clk 0:39:29]} Kf8
{[%clk 1:18:21]} 20. Qb4 {[%clk 0:35:05]} Qe7 {[%clk 1:15:47]} 21. d4
{[%clk 0:32:41]} f6 {[%clk 1:13:45]} 22. f4 {[%clk 0:29:31]} Qf7 {[%clk 1:10:49]}
23. dxe5 {[%clk 0:20:04]} fxe5 {[%clk 1:05:17]} 24. fxe5 {[%clk 0:18:14]} Qxd5
{[%clk 1:05:12]} 25. Qf4+ {[%clk 0:13:39]} Kg8 {[%clk 1:04:56]} 26. e6
{[%clk 0:09:23]} Re7 {[%clk 1:03:45]} 27. Qe4 {[%clk 0:05:56]} Qxe4
{[%clk 1:03:45]} 28. Rxe4 {[%clk 0:06:26]} d5 {[%clk 1:03:56]} 29. R4e2
{[%clk 0:06:22]} Rd6 {[%clk 1:04:10]} 30. Kf2 {[%clk 0:06:14]} g5
{[%clk 1:04:27]} 31. Kg3 {[%clk 0:06:17]} Kg7 {[%clk 1:04:47]} 32. Kg4
{[%clk 0:06:42]} Kf6 {[%clk 1:03:42]} 33. Rf1+ {[%clk 0:04:44]} Kg6
{[%clk 1:03:26]} 34. Rfe1 {[%clk 0:05:10]} h5+ {[%clk 1:03:41]} 35. Kg3
{[%clk 0:05:10]} c5 {[%clk 1:03:44]} 36. h4 {[%clk 0:04:19]} g4 {[%clk 1:00:00]}
37. Re5 {[%clk 0:04:35]} Rd8 {[%clk 0:59:12]} 38. Rg5+ {[%clk 0:04:22]} Kh6
{[%clk 0:58:49]} 39. Ree5 {[%clk 0:03:45]} d4 {[%clk 0:59:04]} 40. Rxc5
{[%clk 0:33:21]} d3 {[%clk 1:28:43]} 41. Rxh5+ {[%clk 0:33:06]} Kg6
{[%clk 1:28:38]} 42. Rhd5 {[%clk 0:33:25]} Ree8 {[%clk 1:26:49]} 43. e7
{[%clk 0:31:19]} Ra8 {[%clk 1:21:40]} 44. Rxd3 {[%clk 0:30:16]} Rxe7
{[%clk 1:22:00]} 45. Rg5+ {[%clk 0:29:04]} Kf6 {[%clk 1:22:14]} 46. Rxg4
{[%clk 0:29:07]} Re2 {[%clk 1:22:27]} 47. Rf4+ {[%clk 0:29:15]} Ke5
{[%clk 1:22:30]} 48. Rf2 {[%clk 0:21:13]} Rg8+ {[%clk 1:22:39]} 49. Kf3
{[%clk 0:21:42]} Rf8+ {[%clk 1:23:06]} 50. Kxe2 {[%clk 0:21:33]} 1-0